|
|
|
|
| LEADER |
00000nam0a2200000 4500 |
| 001 |
258465 |
| 005 |
20231101233311.0 |
| 035 |
|
|
|a (RuTPU)RU\TPU\book\281332
|
| 090 |
|
|
|a 258465
|
| 100 |
|
|
|a 20140425d1988 m y0rusy50 ca
|
| 101 |
0 |
|
|a rus
|
| 102 |
|
|
|a RU
|
| 105 |
|
|
|a a j 001zy
|
| 200 |
1 |
|
|a ЭВМ в физическом практикуме
|e учебное пособие
|f Г. И. Васина [и др.]
|
| 210 |
|
|
|a Красноярск
|c Изд-во Красноярского ун-та
|d 1988
|
| 215 |
|
|
|a 184 с.
|c ил.
|
| 320 |
|
|
|a Библиогр.: с. 183.
|
| 606 |
1 |
|
|a Физический эксперимент
|x Обработка на вычислительных машинах
|2 stltpush
|3 (RuTPU)RU\TPU\subj\63844
|9 80777
|
| 610 |
1 |
|
|a физика
|
| 610 |
1 |
|
|a алгоритмические языки
|
| 610 |
1 |
|
|a Фортран
|
| 610 |
1 |
|
|a измерения
|
| 610 |
1 |
|
|a математическая обработка
|
| 610 |
1 |
|
|a физические практикумы
|
| 610 |
1 |
|
|a лабораторные работы
|
| 610 |
1 |
|
|a математическое обеспечение
|
| 610 |
1 |
|
|a методическое обеспечение
|
| 610 |
1 |
|
|a учебные пособия
|
| 675 |
|
|
|a 53.05(075.8)
|v 3
|
| 701 |
|
1 |
|a Васина
|b Г. И.
|g Галина Ивановна
|
| 701 |
|
1 |
|a Вершинина
|b Н. И.
|g Нина Ивановна
|
| 701 |
|
1 |
|a Машуков
|b А. В.
|g Анатолий Васильевич
|
| 701 |
|
1 |
|a Машукова
|b А. Е.
|g Алла Евгеньевна
|
| 801 |
|
1 |
|a RU
|b 63413507
|c 20140425
|
| 801 |
|
2 |
|a RU
|b 63413507
|c 20140930
|g RCR
|
| 942 |
|
|
|c BK
|